| 000 | 00379nam a2200145Ia 4500 | ||
|---|---|---|---|
| 005 | 20250319214109.0 | ||
| 008 | 240331s9999 xx 000 0 und d | ||
| 082 |
_bPAR _a894 |
||
| 100 | _aParpara, K | ||
| 245 | 0 | _aBharathi pakthan parpara kavithaigal | |
| 260 |
_aColombo _bWriters C0-0perative Publishing Society Ltd _c1989 |
||
| 300 | _a26 p ., | ||
| 650 | _aPoems | ||
| 942 | _cL | ||
| 999 |
_c4093 _d4093 |
||